| 000 | 02080cam a2200289 i 4500 | ||
|---|---|---|---|
| 003 | SA-RiAUC | ||
| 005 | 20251021075130.0 | ||
| 008 | 251020s2007 le g 00000 ara c | ||
| 020 | _a9953346267 | ||
| 020 | _a9789953346267 | ||
| 024 | 0 | _a00000000265523 | |
| 040 |
_aSA-JeALM _bara _cSA-RiAUC _dKAC _erda |
||
| 082 | 0 | 4 |
_a256 _qSA-RiAUC |
| 090 |
_a256 _bص ا ب |
||
| 100 | 1 |
_aالصابوني، محمد علي، _d1930-2021 _eمؤلف. |
|
| 245 | 1 | 2 |
_aالجهاد في الإسلام والخطأ الدارج في مفهومه / _cبقلم خادم الكتاب والسنة الشيخ محمد علي الصابوني. |
| 250 | _aالطبعة الأولى. | ||
| 264 | 1 |
_aبيروت : _bالأفق _c2007 |
|
| 300 |
_a111 صفحة ؛ _c16 × 12 سم |
||
| 336 |
_aنص _btxt _2rdacontent _3كتاب |
||
| 337 |
_aبدون وسيط _bn _2rdamedia |
||
| 338 |
_aمجلد _bnc _2rdacarrier |
||
| 505 | 0 | _aالمحتويات : مقدمة الناشر-المقدمة-الجهاد في الإسلام والخطأ الدارج في مفهومه-الجهاد في مفهومه الشرعي الصحيح. .. طرق الجهاد وأنواعه السامية-الأول : جهاد الكلمة-الثاني : جهاد الدعوة لنشر نور الله-الثالث : جهاد اللسان-الرابع : جهاد المعركة والحرب-الخامس : جهاد النفس والهوى-السادس : جهاد الإعداد والاستعداد-السابع : الجهاد لمقارعة الكفر ونشر الإسلام ... أحاديث الجهاد في سبيل الله : الحديث الأول-الحديث الثاني-الحديث الثالث، الحديث الرابع-الحديث الخامس-الحديث السادس ... قصة إسلام ثمامة-قصة أبي ذر الغفاري مع مملوكه-بين الجهاد والإرهاب-خاتمة البحث-ربط الإسلام بالإرهاب زور وبهتان. | |
| 650 | 7 |
_aالجهاد في الإسلام _2aucsh |
|
| 942 |
_2ddc _cBOOK _n0 |
||
| 949 |
_aSA-JeALM _d251020 _umohamedma123 _n1 |
||
| 999 |
_c12671 _d12671 |
||